000
00399nam a22001692 4500
001
0000008739
005
20151217161725.0
008
080522s xx 000 0 eng d
020
_c
KES
040
_a
KABU
_c
KABU
245
1
0
_a
Globus 2001.
300
_c
cm.
650
0
_a
Globes.
_@
0000132268
908
_a
080522
950
_@
1
999
_c
15523
_d
15523